000 00401nam a2200157Ia 4500
005 20240807062339.0
008 240806s9999||||xx |||||||||||||| ||eng||
041 _aeng
082 _a330.954
_bRAJV
100 _aRajkisor
245 0 _aVinash ko nimantran : bharat ki naye airthneeti /
_cRajkisor
260 _bVani Prakashan, New Delhi
300 _a116
650 _aGeneral Studies
942 _cBK
999 _c16246
_d16246